000 00299nam a22001337a 4500
008 170421b xxu||||| |||| 00| 0 eng d
020 _a9780131859647
041 _aeng
080 _a573
100 _a11
101 _aSHM
245 _aA BRIEF BIOLOGY WITH PHYSIOLOGY
_cKROGH. D
942 _2udc
_cBK
999 _c11466
_d11466